| 000 | 00492nam a2200181Ia 4500 | ||
|---|---|---|---|
| 008 | 230917s9999||||xx |||||||||||||| ||und|| | ||
| 020 | _cUSD154.95 | ||
| 040 |
_e232638 _aMAIN |
||
| 041 | _aEnglish | ||
| 082 | _a581.192 P695P(2) | ||
| 100 | _aLea, Peter K. ed. | ||
| 245 | 0 | _aPlant biochemistry and molecular biology | |
| 250 | _a2nd ed. | ||
| 260 |
_aChichester _bWiley _c1999 |
||
| 300 | _axix, 364 p. | ||
| 500 | _a2307 16/03/2016 HBD15/1833 21/03/2016 Botany DST-FIST | ||
| 942 | _cBK | ||
| 999 |
_c18436 _d18436 |
||